|
|
|
|
| LEADER |
03325nam a2200409 a 4500 |
| 001 |
EBC1110554 |
| 003 |
MiAaPQ |
| 005 |
20200520144314.0 |
| 006 |
m o d | |
| 007 |
cr cn||||||||| |
| 008 |
120727s2013 nju sb 001 0 eng d |
| 010 |
|
|
|z 2012028585
|
| 020 |
|
|
|z 9781118180907 (cloth)
|
| 020 |
|
|
|a 9781118227398 (electronic bk.)
|
| 035 |
|
|
|a (MiAaPQ)EBC1110554
|
| 035 |
|
|
|a (Au-PeEL)EBL1110554
|
| 035 |
|
|
|a (CaPaEBR)ebr10645214
|
| 035 |
|
|
|a (CaONFJC)MIL427275
|
| 035 |
|
|
|a (OCoLC)802183290
|
| 040 |
|
|
|a MiAaPQ
|c MiAaPQ
|d MiAaPQ
|
| 043 |
|
|
|a f------
|a a------
|
| 050 |
|
4 |
|a HG187.4
|b .C66 2013
|
| 082 |
0 |
4 |
|a 332.088/297
|2 23
|
| 245 |
0 |
0 |
|a Contemporary Islamic finance
|h [electronic resource] :
|b innovations, applications, and best practices /
|c editor, Karen Hunt-Ahmed.
|
| 260 |
|
|
|a Hoboken, N.J. :
|b John Wiley & Sons,
|c 2013.
|
| 300 |
|
|
|a xi, 388 p.
|
| 490 |
1 |
|
|a The Robert W. Kolb series in finance
|
| 504 |
|
|
|a Includes bibliographical references and index.
|
| 505 |
0 |
|
|a Acknowledgments -- Introduction -- Contemporary Islamic economic thought / Mohammad Omar Farooq -- The legal framework of Islamic finance / Cynthia Shawamreh -- Globalization and Islamic finance : flows and consciousness / Karen Hunt-Ahmed -- Islamic science and the critique of neoclassical economic theory / Waleed El-Ansary -- Juristic disagreement : the collective fatw against Islamic banking in Pakistan / Shoaib A. Ghias -- Managing liquidity risk in Islamic finance / Dr. Mohammed Bashir -- Elements of Islamic wealth management / Paul Wouters -- Sukak and the Islamic capital markets : an introduction / Michael J.T. McMillen -- Sharija compliant mutual funds / Monem Salam -- The evolution of shariah compliant indexes and why they outperform conventional indexes over the long term / by Tariq Al-Rifai -- Takaful / Farrukh Siddiqui -- Islamic human resources practices / William Martin -- An integrated islamic poverty alleviation model / Ali Ashraf, Kabir Hassan -- How does an Islamic microfinance model play the key role in poverty alleviation? : the European perspective / Sabur Mollah, Hamid Uddin -- Case studies -- Islamic finance in an almost post-crisis and post-revolutionary world -- As in politics, all Islamic finance is local / Mark Smyth -- Stepping forward, backward, or just standing still? : a case study in shifting Islamic financial structures offshore / Umar F. Moghul -- Islamic mortgages / by David Loundy -- Sharia quality rating / Nasir Ali Merchant -- Islamic mutual funds performance in Saudi Arabia / Hesham Merdad, Kabir Hassan -- Sharijah-compliant investment in the United States / John L. Opar -- Risk management in Islamic finance : a shariah analysis of derivatives instruments / Dr. Mohammed Bashir -- Islamic microfinance / Blake Goud -- About the editor -- Index.
|
| 533 |
|
|
|a Electronic reproduction. Ann Arbor, MI : ProQuest, 2015. Available via World Wide Web. Access may be limited to ProQuest affiliated libraries.
|
| 650 |
|
0 |
|a Finance
|z Islamic countries.
|
| 650 |
|
0 |
|a Finance
|x Religious aspects
|x Islam.
|
| 655 |
|
4 |
|a Electronic books.
|
| 700 |
1 |
|
|a Hunt-Ahmed, Karen.
|
| 710 |
2 |
|
|a ProQuest (Firm)
|
| 830 |
|
0 |
|a Robert W. Kolb series in finance.
|
| 856 |
4 |
0 |
|u https://ebookcentral.proquest.com/lib/matrademy/detail.action?docID=1110554
|z Click to View
|